[Event "RSA-ch U10"]
[Site "Gauteng"]
[Date "2017.04.07"]
[Round "5"]
[White "Kotze, Christiaan"]
[Black "Dickinson, Joe"]
[Result "1-0"]
[WhiteElo "1235"]
[BlackElo "776"]
[PlyCount "55"]
[EventDate "2017.04.05"]
[EventType "swiss"]
[EventRounds "11"]
[EventCountry "RSA"]
[SourceTitle "CBM 177 Extra"]
[Source "ChessBase"]
[SourceDate "2017.04.27"]
[SourceVersion "1"]
[SourceVersionDate "2017.04.27"]
[SourceQuality "1"]

1. e4 c5 2. d3 d6 3. Nf3 Nc6 4. g3 Nf6 5. Bg2 g6 6. 0-0 Bg7 7. c3 0-0 8. Nbd2 e5 9. a4 a5 10. Nc4 Be6 11. Ne3 Bh6 12. Bd2 d5 13. exd5 Bxd5 14. Nxd5 Bxd2 15. Nxf6+ Qxf6 16. Nxd2 Rad8 17. Qf3 Qxf3 18. Nxf3 Rxd3 19. Rad1 e4 20. Ng5 Rxd1 21. Rxd1 f6 22. Nxe4 c4 23. Nc5 b6 24. Ne6 Re8 25. Bxc6 Rxe6 26. Bd5 Kf7 27. Re1 Kg7 28. Rxe6 1-0